| 000 | 00572nam a2200157Ia 4500 | ||
|---|---|---|---|
| 008 | 220217s9999 xx 000 0 und d | ||
| 245 | 0 | _aIndian standard: Methods of test for vulcanized rubbers. Part XV. Volume reistivity of electrically conducting and antistatic rubbers | |
| 260 | _aNew Delhi | ||
| 260 |
_c1971 _bIndian Standards Institution |
||
| 490 | _aRubber products sectional committee, CDC 6 | ||
| 500 | _aStandard number: IS 3400 (Part XV) | ||
| 650 | _aAntistatic rubber | ||
| 650 | _aElectrically conducting | ||
| 650 | _aVulcanized rubber | ||
| 942 | _cST | ||
| 999 |
_c73661 _d73661 |
||